Qui chante ? - Statistiques

Statistiques générales
  • Ce quiz a été pris 91 fois
  • Le résultat moyen est 10 sur 20
Statistiques - réponses
Hint Réponse % Correct
La boulette (Génération nan nan) Diam's
86%
Elle a fait un bébé toute seule Jean-Jacques Goldman
85%
Armstrong Claude Nougaro
83%
Auteuil Neuilly Passy Les Inconnus
81%
1987 Calogero
67%
Viens boire un p'tit coup à la maison License IV
65%
Asimbonanga Johnny Clegg & Savuka
59%
(Everything I do) I do it for you Bryan Adams
57%
Like a hobo Charlie Winston
57%
Un soir de pluie Blues Trottoir
48%
Je sais pas jouer Pierpoljak
40%
Boys and girls Blur
38%
Les Vallées d'Irlande Hélène Ségara
37%
Les Jardins du Ciel Jaïro
31%
MMMBop Hanson
27%
Sadeness Enigma
26%
Uninvited Muse
24%
Radioactivity Kraftwerk
22%
The rockafeller skank Fatboy Slim
20%
Electrica salsa Off
10%
Aucun quiz correspondant
Distribution des résultats
% des personnes avec chaque résultat
Percentile par nombre de réponses
Votre historique - résultats
Vous n’avez pas pris ce quiz